000 005410000a22001930004500
020 _a0-87784-390-2
041 0 _aENG
082 0 4 _aG 302.34 G8511g
100 1 _aGriffin, Emory A.
245 1 0 _aGetting together : A guide for good groups / Em Griffin
260 _aDowners Grove, ILL., USA : InterVarsity
300 _a233 Pag
650 1 4 _aGRUPOS PEQUEÑOS \ TRABAJO SOCIAL DE GRUPO
001 9326
942 _cBK
999 _c39371
_d39371
336 _atexto
_btxt
_2rdacontent
337 _2rdamedia
_asin mediación
_bn
338 _2rdacarrier
_avolumen
_bnc